Pays ayant participé à la Coupe de Monde 1958 - Statistiques

Statistiques générales
  • Ce quiz a été pris 101 fois
  • Le résultat moyen est 13 sur 16
Statistiques - réponses
Continents Pays % Correct
Amérique du sud Argentine
100%
Amérique du sud (vainqueur) Brésil
100%
Europe France
100%
Europe (tenant du titre) RFA
100%
Amérique du nord et centrale Mexique
99%
Europe Angleterre
98%
Europe (organisateur) Suède
89%
Europe Autriche
84%
Amérique du sud Paraguay
84%
Europe Yougoslavie
83%
Europe Hongrie
79%
Europe URSS
79%
Europe Tchécoslovaquie
78%
Europe Ecosse
63%
Europe Pays de Galles
48%
Europe Irlande du nord
41%
Aucun quiz correspondant
Distribution des résultats
% des personnes avec chaque résultat
Percentile par nombre de réponses
Votre historique - résultats
Vous n’avez pas pris ce quiz